000 00587nam a2200181Ia 4500
003 GCL
008 140319s9999 xx 000 0 ara d
040 _aGCL /
_cGCL
082 0 4 _a813.01
_bر ت
100 1 _aرضوى عاشور
245 1 0 _aتقارير السيدة راء :
_bمجموعة قصصية /
_cرضوى عاشور
250 _aالاولى
260 _aالقاهرة :
_bدار الشروق ،
_c2001
300 _a133 ص ؛
_c20 سم
650 0 4 _aالقصص العربية القصيرة
650 0 4 _aالقصص العربية - مجموعات
942 _2ddc
_cBK
999 _c8183
_d8183